| 000 | 00666nam a22002057a 4500 | ||
|---|---|---|---|
| 003 | OSt | ||
| 005 | 20140310181806.0 | ||
| 008 | 130704t xxu||||| |||| 00| 0 eng d | ||
| 020 | _a9781854716477 | ||
| 050 |
_aT 15 _b.P771 1995 |
||
| 082 |
_aREF 608.703 _bIl6 1995 |
||
| 245 |
_aThe Illustrated dictionary of inventors and inventions / _cPollad, Michael; Trotman, Felicity; Holme, Merrilyn |
||
| 260 |
_aLondon : _bClaremont Books, _c1995. |
||
| 300 |
_a160 p. : _bill. ; _c156 cm. |
||
| 520 | _a1. Inventions - - Dictionaries. 2. Inventions and discoveries. | ||
| 521 | _aBasic ed. students | ||
| 541 | _j1 | ||
| 562 | _e1 | ||
| 942 |
_2lcc _cBK-GR _kREF |
||
| 999 |
_c3789 _d3789 |
||